|
|
|
|
| LEADER |
00000nkm a2200000 a 4500 |
| 001 |
vtls011982418 |
| 003 |
SK-MaSNL |
| 005 |
20260331212029.0 |
| 007 |
kf bo |
| 008 |
230706s1964 xo g 0k|slo |
| 015 |
|
|
|a SNBG1964
|
| 035 |
|
|
|a urn:nbn:sk:snk-km00fbfn
|
| 035 |
|
|
|a urn:nbn:sk:snk-km45ucv
|
| 035 |
|
|
|a F5AC4D58-CE85-4C7D-BFE2-BF8F9C2D3395
|
| 040 |
|
|
|a SNK
|b slo
|c SNK
|e AACR2
|
| 041 |
|
|
|a slo
|
| 043 |
|
|
|a e-xo---
|
| 044 |
|
|
|a xo
|c SK
|
| 072 |
|
7 |
|a 913
|x Regionálna geografia
|2 konspekt
|
| 080 |
|
|
|a 913(437.6)
|2 2011
|
| 080 |
|
|
|a (084.121)
|2 2011
|
| 080 |
|
|
|a 721
|2 2011
|
| 080 |
|
|
|a 614.2:725.1
|2 2011
|
| 100 |
1 |
|
|a Cincík, Jozef,
|d 1908-1982
|4 pht
|9 55163
|
| 245 |
1 |
0 |
|a Ružomberok - ÚNZ
|h grafika
|c foto Cincík
|
| 246 |
3 |
3 |
|a Ružomberok - Ústav národného zdravia
|
| 260 |
|
|
|a [Bratislava]
|b VPL
|c 1964
|
| 300 |
|
|
|a 1 pohľadnica
|b čiernobiela
|c 11 x 15 cm
|
| 500 |
|
|
|a Na adresnej strane uvedené: Foto © Cincík
|
| 520 |
8 |
|
|a Zobrazenie: Pohľad na budovu Okresného ústavu národného zdravia popri plote ktorý je pri budove vedie chodník po ktorom kráčajú ľudia pri chodníku stojí zaparkovaný automobil
|
| 610 |
2 |
0 |
|a Ústav národného zdravia (Ružomberok, Slovensko)
|2 SNKKA
|9 364256
|
| 650 |
0 |
7 |
|a budovy
|2 SNKPH
|9 1283
|
| 650 |
0 |
7 |
|a zdravotnícke zariadenia
|2 SNKPH
|9 3009
|
| 651 |
|
7 |
|a Ružomberok (Slovensko)
|2 SNKPHgeo
|9 24370
|
| 655 |
|
7 |
|a miestne pohľadnice
|2 SNKPH
|9 70510
|
| 852 |
|
|
|a Slovenská národná knižnica
|
| 958 |
|
|
|a GBN
|
| 958 |
|
|
|a OND
|
| 958 |
|
|
|a GC
|
| 999 |
|
|
|c 608669
|d 610599
|
| 952 |
|
|
|a SNK
|b SNK
|y PREZ
|7 0
|p 17A1237431
|o snkSP 35955
|i snk35955/73
|0 0
|1 0
|4 0
|d 2020-07-17
|f 1
|l 0
|r 2026-02-23 16:15:54
|w 2026-02-23
|
| 952 |
|
|
|a SNK
|b SNK
|y PREZ
|7 0
|p 17A1379892
|o snkSP 35955 D1
|0 0
|1 0
|4 0
|d 2020-07-17
|l 0
|r 2026-02-23 16:15:54
|w 2026-02-23
|